Vista normal
Vista MARC
Entrada Topical Term
Número de registros utilizados en: 7
001 - CONTROL NUMBER
- control field: 6989
003 - CONTROL NUMBER IDENTIFIER
- control field: OSt
005 - DATE AND TIME OF LATEST TRANSACTION
- control field: 20200710110123.0
008 - FIXED-LENGTH DATA ELEMENTS
- fixed length control field: 200710|| aca||aabn | a|a d
040 ## - CATALOGING SOURCE
- Original cataloging agency: OSt
- Transcribing agency: OSt
150 ## - HEADING--TOPICAL TERM
- Topical term or geographic name entry element: Niños en la literatura
670 ## - SOURCE DATA FOUND
- Source citation: Work cat.: (OSt)4397: Fonseca Mora, Ramón, autor 6988, Ojitos de ángel / , 2002